000 01035nam a2200265Ia 4500
003 OSt
005 20221005103648.0
006 a|||||r|||| 00| 0
007 ta
008 221004b |||||||| |||| 00| 0 hin d
020 _a8179751686 (hbk)
_c200
024 _a97210
037 _b434, 25/03/2009, Swaraj Prakashan
_cTextual
040 _aCRL
_cCRL
_bhin
041 _2hin
_ahin
082 _aO152,3M83x, P7
100 _aसहाय, शिवपूजन
245 0 _aग्राम - सुधार
246 _aGrām - sudhāra
260 _aदिल्ली
_bअनामिका पब्लिशर्स एंड डिस्ट्रीब्यूटर्स प्रा. लि. भारत
_c2007
300 _a112पृ0
_ccm.
700 _a मंगलमूर्ति, संपा.
942 _hO152,3M83x, P7
_cTEXL
_2cc
999 _c1010545
_d1010545